プロ野球スピリッツA【プロスピA】 「真っスラ」を所持する投手名 - Statistics

General Stats
  • This quiz has been taken 90 times
    2 since last reset
  • The average score is 7 of 40
Answer Stats
球団名 選手名 % Correct
阪神 村上頌樹
100%
楽天 泰勝利
100%
西武 平良海馬
100%
巨人 F.グリフィン
100%
巨人 斎藤雅樹
50%
阪神 湯浅京己
50%
広島 床田寛樹
50%
中日 近藤廉
50%
阪神 J.ウィリアムス
50%
巨人 横川凱
0%
巨人 代木大和
0%
DeNA 森唯斗
0%
広島 大野豊
0%
ヤクルト サイスニード
0%
中日 大野雄大
0%
中日 岩瀬仁紀
0%
中日 橋本侑樹
0%
中日 福敬登
0%
中日 森博人
0%
ソフトバンク 杉山一樹
0%
ソフトバンク 武田翔太
0%
ソフトバンク 田上奏大
0%
ソフトバンク 森唯斗
0%
日本ハム 伊藤大海
0%
ロッテ 河村説人
0%
ロッテ 小林雅英
0%
ロッテ 中森俊介
0%
楽天 藤井聖
0%
オリックス 山田久志
0%
西武 山田陽翔
0%
西武 羽田慎之介
0%
西武 増田達至
0%
ロッテ C.C.メルセデス
0%
広島 D.アンダーソン
0%
西武 E.ラミレス
0%
広島 J.ドミンゲス
0%
DeNA J.B.ウェンデルケン
0%
ヤクルト K.ホッジス
0%
ロッテ M.ボルシンガー
0%
巨人 Y.ロペス
0%
No matching quizzes found
Score Distribution
Percent of People with Each Score
Percentile by Number Answered
Your Score History
You have not taken this quiz since the last reset